00581nam a2200169Ia 4500008004100000020001800041041000800059082001800067100003700085245004300122250000600165260004100171300001200212650003600224999001900260952013200279210716s2014 xx 000 0 und d a9788126550531 aeng a621.3821 RAMR aRamnath, Rajiv;Loffing, Cheyney. aBeginning ios programming for dummies. a1 aNew DelhibWiley India Pvt Ltdc2014 axii,438 aCommunication Network(621.3821) c194503d194503 001040708MCAaAIMITbAIMITeKnowledge Worldg499.00l0o621.3821 RAMRpMCA14011r2025-07-21 00:00:00v374.25w2021-07-16yBK